| 000 | 00368nam a22001577a 4500 | ||
|---|---|---|---|
| 003 | CEME | ||
| 005 | 20210628205208.0 | ||
| 008 | 210215b xxu||||| |||| 00| 0 eng d | ||
| 040 | _c. | ||
| 082 | _a954.9123 ALA'K | ||
| 100 |
_aAlaudin _974372 |
||
| 245 | _aKalash the paradise lost | ||
| 260 |
_aLAHORE _bPROGRESSIVE PUB _c1992 |
||
| 300 | _a300P | ||
| 942 |
_cBK _2ddc |
||
| 999 |
_c579906 _d579906 |
||